Los Derechos Humanos en la sociedad guatemalteca (Apuntes preliminares para su estudio)
Збережено в:
| Автор: | |
|---|---|
| Формат: | Текст |
| Опубліковано: |
La Habana:
Movimiento por la Paz y la Soberanía de los Pueblos
|
| Предмети: | |
| Теги: |
Додати тег
Немає тегів, Будьте першим, хто поставить тег для цього запису!
|
MARC
| LEADER | 00000 a a2200000 04500 | ||
|---|---|---|---|
| 001 | 15934 | ||
| 003 | |||
| 040 | |||
| 090 | |a 015100 | ||
| 100 | |a Cuevas del Cid, Rafael | ||
| 245 | |a Los Derechos Humanos en la sociedad guatemalteca (Apuntes preliminares para su estudio) | ||
| 260 | |a La Habana: |b Movimiento por la Paz y la Soberanía de los Pueblos | ||
| 300 | |a 21 p. | ||
| 650 | |a DERECHOS HUMANOS | ||
| 999 | |c 11376 |d 11376 | ||
